000 00547nam a22001937a 4500
003 OSt
005 20160408171221.0
008 160408b xxu||||| |||| 00| 0 eng d
020 _a1872502555
040 _c040a
082 _aQW 551
_b02n 2000
100 _aKaleeba, Noerine...[etal]
_97660
245 _aOpen secret :
_bpeople facing up to HIV and AIDS in Uganda/
_cNoerine Kaleeba...[etal]
260 _aLondon
_bActionAid
_c2000
300 _aiii, 117p;
_bill :
_c10 cm
504 _aIncludes index
650 _aAIDS
_92450
942 _2ddc
_cSLOAN
999 _c3431
_d3431